000 00228 a2200097 4500
001 11045
100 _aJahan, R.
245 _aPakistan Failur in national integration
260 _a
_bColumbia University
_c
090 _c8611
_d8611
942 _aNUST-CAE
_cM
_c35391
999 _c246118
_d246118